Valtioita kirjainverkkojen mukaan - Statistics

Yleistilastot
  • Tätä visaa on pelattu 1 315 kertaa
  • Keskiarvotulos 8 / 12
Vastaustilastot
Kuvavisa Vastaus % Oikein
Kanada
99%
Marokko
91%
Jamaika
73%
Kreikka
72%
Tansania
67%
Paraguay
66%
Kazakstan
62%
Komorit
62%
Filippiinit
61%
Kiribati
53%
Saudi-Arabia
53%
Eritrea
52%
Ehtoja vastaavia visoja ei löytynyt
Tulosjakauma
Jokaisen tuloksen saaneiden osuus
Persentiili vastausten määrän mukaan
Tuloshistoriasi
Et ole pelannut tätä visaa